2019 NFL Draft - Statistics

General Stats
  • This quiz has been taken 37 times
  • The average score is 70 of 254
Answer Stats
Rnd. Pick No. NFL team Player Pos. College % Correct
1 6 New York Giants Daniel Jones QB Duke
97%
3 71 Denver Broncos Dre'Mont Jones DT Ohio State
97%
1 1 Arizona Cardinals Kyler Murray QB Oklahoma
97%
1 2 San Francisco 49ers Nick Bosa DE Ohio State
97%
6 194 Green Bay Packers Dexter Williams RB Notre Dame
94%
2 46 Cleveland Browns Greedy Williams CB LSU
94%
2 45 New England Patriots Joejuan Williams CB Vanderbilt
94%
1 11 Cincinnati Bengals Jonah Williams OT Alabama
94%
3 98 Jacksonville Jaguars Quincy Williams LB Murray State
94%
1 3 New York Jets Quinnen Williams DT Alabama
94%
1 8 Detroit Lions T. J. Hockenson TE Iowa
94%
6 182 Cincinnati Bengals Trayveon Williams RB Texas A&M
94%
1 24 Oakland Raiders Josh Jacobs RB Alabama
88%
1 5 Tampa Bay Buccaneers Devin White ILB LSU
85%
1 15 Washington Redskins Dwayne Haskins QB Ohio State
85%
2 51 Tennessee Titans A. J. Brown WR Ole Miss
82%
7 251 Los Angeles Rams Dakota Allen LB Texas Tech
82%
1 17 New York Giants Dexter Lawrence DT Clemson
82%
7 223 Cincinnati Bengals Jordan Brown CB South Dakota State
82%
1 7 Jacksonville Jaguars Josh Allen OLB Kentucky
82%
1 25 Baltimore Ravens Marquise Brown WR Oklahoma
82%
3 65 Arizona Cardinals Zach Allen DE Boston College
82%
1 16 Carolina Panthers Brian Burns DE Florida State
79%
1 19 Tennessee Titans Jeffery Simmons DT Mississippi State
79%
1 10 Pittsburgh Steelers Devin Bush ILB Michigan
76%
1 9 Buffalo Bills Ed Oliver DT Houston
76%
3 69 Jacksonville Jaguars Josh Oliver TE San Jose State
76%
1 20 Denver Broncos Noah Fant TE Iowa
74%
1 12 Green Bay Packers Rashan Gary OLB Michigan
71%
1 4 Oakland Raiders Clelin Ferrell DE Clemson
68%
5 162 Minnesota Vikings Cameron Smith LB USC
65%
2 50 Minnesota Vikings Irv Smith Jr. TE Alabama
65%
6 176 San Francisco 49ers Kaden Smith TE Stanford
65%
6 175 Pittsburgh Steelers Sutton Smith DE Northern Illinois
65%
7 247 Minnesota Vikings Bisi Johnson WR Colorado State
62%
1 13 Miami Dolphins Christian Wilkins DT Clemson
62%
4 105 New Orleans Saints C. J. Gardner-Johnson S Florida
62%
7 225 Buffalo Bills Darryl Johnson DE North Carolina A&T
62%
3 66 Pittsburgh Steelers Diontae Johnson WR Toledo
62%
4 129 Oakland Raiders Isaiah Johnson CB Houston
62%
6 181 Buffalo Bills Jaquan Johnson CB Miami (FL)
62%
6 174 Arizona Cardinals KeeSean Johnson WR Fresno State
62%
2 54 Houston Texans Lonnie Johnson Jr. CB Kentucky
62%
1 26 Washington Redskins Montez Sweat DE Mississippi State
62%
7 229 Detroit Lions P. J. Johnson DE Arizona
62%
6 186 Detroit Lions Ty Johnson RB Maryland
62%
1 14 Atlanta Falcons Chris Lindstrom OG Boston College
59%
2 36 San Francisco 49ers Deebo Samuel WR South Carolina
59%
2 64 Seattle Seahawks DK Metcalf WR Ole Miss
59%
1 21 Green Bay Packers Darnell Savage FS Maryland
56%
1 18 Minnesota Vikings Garrett Bradbury C NC State
56%
1 32 New England Patriots N'Keal Harry WR Arizona State
56%
1 22 Philadelphia Eagles Andre Dillard OT Washington State
53%
2 42 Denver Broncos Drew Lock QB Missouri
53%
2 53 Philadelphia Eagles Miles Sanders RB Penn State
53%
2 34 Indianapolis Colts Rock Ya-Sin CB Temple
53%
1 30 New York Giants Deandre Baker CB Georgia
50%
3 76 Washington Redskins Terry McLaurin WR Ohio State
50%
7 254 Arizona Cardinals Caleb Wilson TE UCLA
47%
6 213 Dallas Cowboys Donovan Wilson S Texas A&M
47%
5 155 Cleveland Browns Mack Wilson LB Alabama
47%
4 106 Oakland Raiders Maxx Crosby DE Eastern Michigan
47%
3 96 Buffalo Bills Dawson Knox TE Ole Miss
44%
2 33 Arizona Cardinals Byron Murphy CB Washington
41%
3 87 New England Patriots Damien Harris RB Alabama
41%
1 27 Oakland Raiders Johnathan Abram S Mississippi State
41%
2 56 Kansas City Chiefs Mecole Hardman WR Georgia
41%
2 59 Indianapolis Colts Parris Campbell WR Ohio State
41%
6 198 San Francisco 49ers Tim Harris CB Virginia
41%
1 23 Houston Texans Tytus Howard OT Alabama State
41%
3 81 Detroit Lions Will Harris S Boston College
41%
2 62 Arizona Cardinals Andy Isabella WR UMass
38%
3 73 Chicago Bears David Montgomery RB Iowa State
38%
2 44 Green Bay Packers Elgton Jenkins C Mississippi State
38%
2 48 New Orleans Saints Erik McCoy C Texas A&M
38%
1 28 Los Angeles Chargers Jerry Tillery DT Notre Dame
38%
4 128 Dallas Cowboys Tony Pollard RB Memphis
38%
6 210 Cincinnati Bengals Deshaun Davis LB Auburn
35%
3 74 Buffalo Bills Devin Singletary RB Florida Atlantic
35%
2 35 Jacksonville Jaguars Jawaan Taylor OT Florida
35%
5 165 Dallas Cowboys Joe Jackson DE Miami (FL)
35%
4 113 Baltimore Ravens Justice Hill RB Oklahoma State
35%
1 31 Atlanta Falcons Kaleb McGary OT Washington
35%
5 158 Dallas Cowboys Michael Jackson CB Miami (FL)
35%
3 82 Tennessee Titans Nate Davis OG Charlotte
35%
2 39 Tampa Bay Buccaneers Sean Murphy-Bunting CB Central Michigan
35%
2 58 Dallas Cowboys Trysten Hill DT UCF
35%
3 70 Los Angeles Rams Darrell Henderson RB Memphis
32%
2 52 Cincinnati Bengals Drew Sample TE Washington
32%
6 178 Jacksonville Jaguars Gardner Minshew QB Washington State
32%
1 29 Seattle Seahawks L. J. Collier DE TCU
32%
3 100 Carolina Panthers Will Grier QB West Virginia
32%
5 149 Oakland Raiders Hunter Renfrow WR Clemson
29%
3 75 Green Bay Packers Jace Sternberger TE Texas A&M
29%
2 57 Philadelphia Eagles J. J. Arcega-Whiteside WR Stanford
29%
2 61 Los Angeles Rams Taylor Rapp S Washington
29%
3 102 Minnesota Vikings Alexander Mattison RB Boise State
26%
4 112 Washington Redskins Bryce Love RB Stanford
26%
4 115 Carolina Panthers Christian Miller LB Alabama
26%
2 38 Buffalo Bills Cody Ford OT Oklahoma
26%
2 43 Detroit Lions Jahlani Tavai LB Hawaii
26%
3 94 Tampa Bay Buccaneers Jamel Dean CB Auburn
26%
5 172 Atlanta Falcons Jordan Miller CB Washington
26%
4 108 New York Giants Julian Love CB Notre Dame
26%
4 110 San Francisco 49ers Mitch Wishnowsky P Utah
26%
4 104 Cincinnati Bengals Ryan Finley QB NC State
26%
6 208 Tampa Bay Buccaneers Scotty Miller WR Bowling Green
26%
4 138 Philadelphia Eagles Shareef Miller DE Penn State
26%
5 168 Tennessee Titans D'Andre Walker LB Georgia
24%
5 166 Los Angeles Chargers Easton Stick QB North Dakota State
24%
2 60 Los Angeles Chargers Nasir Adderley S Delaware
24%
7 231 New Orleans Saints Alizé Mack TE Notre Dame
21%
5 169 Los Angeles Rams David Edwards OT Wisconsin
21%
5 160 Baltimore Ravens Daylon Mack DT Texas A&M
21%
5 164 Indianapolis Colts E. J. Speed LB Tarleton State
21%
2 37 Carolina Panthers Greg Little OT Ole Miss
21%
2 63 Kansas City Chiefs Juan Thornhill S Virginia
21%
3 99 Tampa Bay Buccaneers Mike Edwards S Kentucky
21%
3 80 Cleveland Browns Sione Takitaki LB BYU
21%
6 197 Baltimore Ravens Trace McSorley QB Penn State
21%
4 122 Pittsburgh Steelers Benny Snell RB Kentucky
18%
3 89 Indianapolis Colts Bobby Okereke LB Stanford
18%
4 103 Arizona Cardinals Hakeem Butler WR Iowa State
18%
4 133 New England Patriots Jarrett Stidham QB Auburn
18%
7 234 Miami Dolphins Myles Gaskin RB Washington
18%
4 116 Tennessee Titans Amani Hooker S Iowa
15%
4 117 Detroit Lions Austin Bryant DE Clemson
15%
3 77 New England Patriots Chase Winovich DE Michigan
15%
4 120 Seattle Seahawks Gary Jennings Jr. WR West Virginia
15%
3 72 Cincinnati Bengals Germaine Pratt LB NC State
15%
6 199 Indianapolis Colts Gerri Green DE Mississippi State
15%
3 85 Baltimore Ravens Jaylon Ferguson DE Louisiana Tech
15%
3 83 Pittsburgh Steelers Justin Layne CB Michigan State
15%
6 203 Atlanta Falcons Marcus Green WR Louisiana–Monroe
15%
5 145 Tampa Bay Buccaneers Matt Gay K Utah
15%
3 95 New York Giants Oshane Ximines DE Old Dominion
15%
4 126 Chicago Bears Riley Ridley WR Georgia
15%
6 211 Cincinnati Bengals Rodney Anderson RB Oklahoma
15%
6 204 Seattle Seahawks Travis Homer RB Miami (FL)
15%
4 131 Washington Redskins Wes Martin OG Indiana
15%
5 151 Miami Dolphins Andrew Van Ginkel LB Wisconsin
12%
6 190 Minnesota Vikings Armon Watts DT Arkansas
12%
4 123 Baltimore Ravens Ben Powers OG Oklahoma
12%
3 90 Dallas Cowboys Connor McGovern OG Penn State
12%
2 41 Denver Broncos Dalton Risner OT Kansas State
12%
6 214 Kansas City Chiefs Darwin Thompson RB Utah State
12%
3 79 Los Angeles Rams David Long CB Michigan
12%
6 188 Tennessee Titans David Long Jr. LB West Virginia
12%
5 139 Arizona Cardinals Deionte Thompson S Alabama
12%
4 130 Los Angeles Chargers Drue Tranquill LB Notre Dame
12%
3 67 San Francisco 49ers Jalen Hurd WR Baylor
12%
4 109 Indianapolis Colts Khari Willis S Michigan State
12%
2 55 Houston Texans Max Scharping OT Northern Illinois
12%
2 40 Oakland Raiders Trayvon Mullen CB Clemson
12%
3 101 New England Patriots Yodny Cajuste OT West Virginia
12%
7 233 Miami Dolphins Chandler Cox FB Auburn
9%
7 245 New York Giants Chris Slayton DT Syracuse
9%
3 92 New York Jets Chuma Edoga OT USC
9%
5 167 Philadelphia Eagles Clayton Thorson QB Northwestern
9%
5 171 New York Giants Darius Slayton WR Auburn
9%
7 239 Minnesota Vikings Dillon Mitchell WR Oregon
9%
4 118 New England Patriots Hjalte Froholdt OG Arkansas
9%
6 192 Pittsburgh Steelers Isaiah Buggs DT Alabama
9%
4 111 Atlanta Falcons Kendall Sheffield CB Ohio State
9%
6 179 Arizona Cardinals Lamont Gaillard C Georgia
9%
2 47 Seattle Seahawks Marquise Blair S Utah
9%
3 78 Miami Dolphins Michael Deiter OG Wisconsin
9%
4 136 Cincinnati Bengals Michael Jordan OG Ohio State
9%
3 93 Baltimore Ravens Miles Boykin WR Notre Dame
9%
5 146 Detroit Lions Amani Oruwariye CB Penn State
6%
2 49 Indianapolis Colts Ben Banogu LB TCU
6%
6 196 New York Jets Blessuan Austin CB Rutgers
6%
3 88 Seattle Seahawks Cody Barton LB Utah
6%
6 180 New York Giants Corey Ballentine CB Washburn
6%
7 221 Cleveland Browns Donnie Lewis CB Tulane
6%
4 137 Oakland Raiders Foster Moreau TE LSU
6%
4 134 Los Angeles Rams Greg Gaines DT Washington
6%
7 240 Indianapolis Colts Jackson Barton OT Utah
6%
5 163 New England Patriots Jake Bailey P Stanford
6%
7 246 Indianapolis Colts Javon Patterson C Ole Miss
6%
6 206 Washington Redskins Kelvin Harmon WR NC State
6%
3 84 Kansas City Chiefs Khalen Saunders DT Western Illinois
6%
7 217 Minnesota Vikings Kris Boyd CB Texas
6%
6 191 Minnesota Vikings Marcus Epps S Wyoming
6%
7 216 Kansas City Chiefs Nick Allegretti OG Illinois
6%
7 243 Los Angeles Rams Nick Scott S Penn State
6%
7 230 Oakland Raiders Quinton Bell DE Prairie View A&M
6%
6 184 Detroit Lions Travis Fulgham WR Old Dominion
6%
5 147 Buffalo Bills Vosean Joseph LB Florida
6%
4 107 Tampa Bay Buccaneers Anthony Nelson DE Iowa
3%
5 170 Cleveland Browns Austin Seibert K Oklahoma
3%
5 142 Seattle Seahawks Ben Burr-Kirven LB Washington
3%
3 97 Los Angeles Rams Bobby Evans OT Oklahoma
3%
6 209 Seattle Seahawks Demarcus Christmas DT Florida State
3%
7 219 Pittsburgh Steelers Derwin Gray OT Maryland
3%
7 235 Jacksonville Jaguars Dontavius Russell DT Auburn
3%
5 148 San Francisco 49ers Dre Greenlaw LB Arkansas
3%
6 189 Cleveland Browns Drew Forbes OT Southeast Missouri State
3%
3 68 New York Jets Jachai Polite LB Florida
3%
7 241 Dallas Cowboys Jalen Jelks DE Oregon
3%
6 183 San Francisco 49ers Justin Skule OT Vanderbilt
3%
6 187 Denver Broncos Juwann Winfree WR Colorado
3%
7 244 New Orleans Saints Kaden Elliss LB Idaho
3%
3 86 Houston Texans Kahale Warring TE San Diego State
3%
7 218 Dallas Cowboys Mike Weber RB Ohio State
3%
5 152 Atlanta Falcons Qadree Ollison RB Pittsburgh
3%
5 140 Jacksonville Jaguars Ryquell Armstead RB Temple
3%
4 119 Cleveland Browns Sheldrick Redwine S Miami (FL)
3%
7 237 Carolina Panthers Terry Godwin WR Georgia
3%
3 91 Los Angeles Chargers Trey Pipkins OT Sioux Falls
3%
4 132 Seattle Seahawks Ugo Amadi S Oregon
3%
6 195 Houston Texans Xavier Crawford CB Central Michigan
3%
5 141 Pittsburgh Steelers Zach Gentry TE Michigan
3%
7 250 Minnesota Vikings Austin Cutting LS Air Force
0%
5 157 New York Jets Blake Cashman LB Minnesota
0%
5 159 New England Patriots Byron Cowart DT Maryland
0%
5 161 Houston Texans Charles Omenihu DE Texas
0%
5 173 Washington Redskins Cole Holcomb LB North Carolina
0%
7 242 Los Angeles Chargers Cortez Broughton DT Cincinnati
0%
7 220 Houston Texans Cullen Gillaspia FB Texas A&M
0%
6 212 Carolina Panthers Dennis Daley OT South Carolina
0%
4 114 Minnesota Vikings Dru Samia OG Oklahoma
0%
6 205 Chicago Bears Duke Shelley CB Kansas State
0%
6 200 Los Angeles Chargers Emeke Egbule LB Houston
0%
7 232 New York Giants George Asafo-Adjei OT Kentucky
0%
4 127 Baltimore Ravens Iman Marshall CB USC
0%
7 224 Detroit Lions Isaac Nauta TE Georgia
0%
6 202 Miami Dolphins Isaiah Prince OT Ohio State
0%
7 227 Washington Redskins Jimmy Moreland CB James Madison
0%
4 135 Atlanta Falcons John Cominsky DE Charleston
0%
7 236 Seattle Seahawks John Ursua WR Hawaii
0%
7 253 Washington Redskins Jordan Brailford DE Oklahoma State
0%
5 154 Carolina Panthers Jordan Scarlett RB Florida
0%
7 248 Arizona Cardinals Joshua Miles OT Morgan State
0%
5 156 Denver Broncos Justin Hollins LB Oregon
0%
6 185 Green BayPackers Ka'dar Hollman CB Toledo
0%
7 252 New England Patriots Ken Webster CB Ole Miss
0%
7 222 Chicago Bears Kerrith Whyte RB Florida Atlantic
0%
5 150 Green Bay Packers Kingsley Keke DT Texas A&M
0%
5 144 Indianapolis Colts Marvell Tell S USC
0%
7 249 Arizona Cardinals Michael Dogbe DE Temple
0%
6 193 Minnesota Vikings Oli Udoh OT Elon
0%
4 124 Seattle Seahawks Phil Haynes OG Wake Forest
0%
6 201 Kansas City Chiefs Rashad Fenton CB South Carolina
0%
4 125 Cincinnati Bengals Renell Wren DT Arizona State
0%
5 153 Washington Redskins Ross Pierschbacher OG Alabama
0%
5 143 New York Giants Ryan Connelly LB Wisconsin
0%
6 177 New Orleans Saints Saquan Hampton S Rutgers
0%
7 238 Chicago Bears Stephen Denmark CB Valdosta State
0%
7 215 Tampa Bay Buccaneers Terry Beckner DT Missouri
0%
7 228 Buffalo Bills Tommy Sweeney TE Boston College
0%
4 121 New York Jets Trevon Wesco TE West Virginia
0%
7 226 Green Bay Packers Ty Summers LB TCU
0%
6 207 Pittsburgh Steelers Ulysees Gilbert III LB Akron
0%
No matching quizzes found
Score Distribution
Percent of People with Each Score
Percentile by Number Answered
Your Score History
You have not taken this quiz